Record of Ragnarok - Statistics

General Stats
  • This quiz has been taken 180 times
  • The average score is 15 of 21
Answer Stats
Hint Answer % Correct
Father of Humanity Adam
98%
First Human fighter Lu Bu
97%
Gods First Fighter Thor
96%
19th century murderer from London Jack The ripper
90%
Leader of the Norse Odin
88%
Cool, calm and fishy Poseidon
88%
switched sides right before his fight Buddha
87%
GFOC Zeus
85%
Demi god fought Ares Hercules
82%
Brother of the 3rd answer/ trickster Loki
81%
Elder brother of the ruler of the gods Hades
76%
Stop by zeus from fighting Shiva
72%
Greatest Loser Sasaki
69%
The Valkyrie that purposed the tournament Brunhilde
68%
Chinese Emperor Qin Shi Huang
68%
Same name as a famous Mortal Combat Character Raiden
61%
New greek god brother of zeus/ Name of Zeus's last form Adamas
56%
The announcer for the fights heimdall
56%
^ little sister Goll
55%
French profit/ trickster Nostradamus
44%
Voted to been seen early/ Sinper Simo Hayha
33%
No matching quizzes found
Score Distribution
Percent of People with Each Score
Percentile by Number Answered
Your Score History
You have not taken this quiz